000 00422nam a2200169Ia 4500
003 GCL
008 140319s9999 xx 000 0 eng d
040 _aGCL /
_cGCL
082 0 4 _a657
_bM F
100 1 _aMEIGS, WALTER B.
245 1 0 _aFINANCIAL ACCOUNTING /
_cMEIGS, WALTER B.
700 1 _aMEIGS, ROBERT
260 _a[S.N] :
_bMC GRAW - HILL ،
_c1995
300 _a685 P
650 0 4 _aACCOUNTING
942 _2ddc
_cBK
999 _c23681
_d23681